[Event "EOC-ch Playoff-B 2021"]
[Site "Online"]
[Date "2021.03.29"]
[Round "1.1"]
[White "Vidit, Santosh Gujrathi"]
[Black "Bluebaum, Matthias"]
[Result "1-0"]
[WhiteElo "2726"]
[BlackElo "2670"]
[Annotator "TA"]
[PlyCount "69"]
[EventDate "2021.03.29"]
[EventType "team-tourn"]
[EventCountry "NET"]
[SourceTitle "playchess.com"]
[Source "ChessBase"]
[SourceQuality "1"]

{[%evp 14,69,16,16,20,15,29,33,22,22,23,0,0,0,0,0,0,-8,7,5,18,20,73,68,119,48,186,162,162,160,162,156,141,152,148,162,248,245,432,427,370,375,525,524,512,528,528,529,528,500,529,507,598,588,561,562,551,512]} 1. d4 d5 2. c4 e6 3. Nc3 Nf6 4. Nf3 Bb4 5. Bg5 h6 6. Bxf6 Qxf6 7. Qa4+ Nc6 8. e3 O-O {D38: Queen's Gambit Declined: Ragozin Defence (4 Nf3 Bb4).} 9. Be2 Bd7 {[#] White must now prevent ...Nxd4.} 10. Qb3 dxc4 {White is slightly better.} 11. Qxc4 Qe7 {[#]} 12. Rd1 $1 $146 {[%mdl 8] A relevant novelty.} ({Predecessor:} 12. O-O Na5 13. Qxc7 Rac8 14. Qe5 Bxc3 15. bxc3 Qa3 16. Rac1 Rxc3 17. Rxc3 Qxc3 18. Qd6 {½-½ (43) Andreikin,D (2759)-Leko,P (2702) Hengshui 2019}) 12... Na5 13. Qd3 c5 14. a3 c4 15. Qc2 Bd6 16. g4 f5 17. Rg1 fxg4 (17... Rad8 $11) 18. Rxg4 $16 e5 ({Better is} 18... Rad8 $14) 19. Rg1 (19. Re4 $16) 19... Bc6 {This costs Black the game.} (19... Bf5 $14 20. Qa4 e4 21. Qxa5 exf3 22. Bxc4+ Kh8) 20. dxe5 Bxe5 21. Nxe5 Qxe5 22. Qg6 Qf6 23. Qxf6 Rxf6 24. Nd5 Rf7 (24... Bxd5 $142 25. Rxd5 b6) 25. Bh5 $18 Nb3 $2 (25... Rff8 {is a better defense.} 26. Ne7+ Kh7 27. Nxc6 Nxc6) 26. Bxf7+ Kxf7 27. Rg4 Rd8 28. Rf4+ {White is clearly winning.} Ke8 29. Nc7+ Ke7 30. Rxd8 Kxd8 31. Ne6+ {[%mdl 64] [#] Double Attack} Kd7 32. Nxg7 Nc5 {Black hopes to continue with ...Nd3+.} 33. Rxc4 Nd3+ 34. Ke2 Nxb2 35. Rb4 {Weighted Error Value: White=0.05/Black=0.50} 1-0

[Event "EOC-ch Playoff-B 2021"]
[Site "Online"]
[Date "2021.03.29"]
[Round "1.2"]
[White "Donchenko, Alexander"]
[Black "Wojtaszek, Radoslaw"]
[Result "1-0"]
[WhiteElo "2678"]
[BlackElo "2705"]
[Annotator "TA"]
[PlyCount "137"]
[EventDate "2021.03.29"]
[EventType "team-tourn"]
[EventCountry "NET"]
[SourceTitle "playchess.com"]
[Source "ChessBase"]
[SourceQuality "1"]

{[%evp 19,137,0,-9,-6,-10,0,-9,-4,-15,-16,0,0,5,-16,0,-17,9,6,45,0,17,12,67,46,52,52,47,56,52,52,50,51,51,51,50,0,5,10,78,76,81,78,439,408,446,362,437,418,439,420,439,304,436,410,395,390,471,468,454,427,454,449,419,420,577,568,461,243,578,576,520,503,494,491,721,616,890,822,1359,444,215,0,1474,1489,1509,1441,1354,1345,11336,7711,29973,29975,29975,29976,29976,29977,29981,29982,29982,29977,29972,29939,29981,29982,29982,29983,29983,29984,29985,29983,29984,29985,29986,29983,29983,29984,29984,29985,29985,29986]} 1. Nf3 Nf6 2. g3 c5 3. Bg2 Nc6 4. O-O e5 5. e4 Be7 6. Re1 O-O 7. c3 d6 8. h3 Be6 9. d4 exd4 10. cxd4 cxd4 11. Nxd4 {B30: Sicilian: 2...Nc6 3 Bb5, lines without ...g6.} Nxd4 12. Qxd4 {[#]} d5 $146 ({Predecessor:} 12... Qa5 13. Nc3 Rac8 14. Bd2 Qc5 15. Qa4 Bd7 16. Qb3 Bc6 17. Nd5 Bd8 18. Bb4 Bxd5 19. exd5 {1-0 (54) Makaj,M (2339)-Vincelj,L (1514) Hum na Sutli 2008}) 13. e5 {The position is equal.} Ne4 {White must now prevent ...Bc5.} 14. Be3 Bc5 15. Qd3 Qb6 16. Bxc5 Qxc5 17. Qe3 Qxe3 18. Rxe3 Nc5 19. b4 d4 20. Ra3 Nd7 (20... Na6 $11) 21. Bxb7 $14 Rab8 22. Rxa7 Nxe5 23. Nd2 Rfd8 24. a3 $1 Rd7 {[#]} 25. Ra5 $1 Rdxb7 26. Rxe5 Ra8 27. Ra5 (27. Ree1 {looks sharper.} Kf8 28. h4 Rba7 29. Re4 Rxa3 30. Rxa3 Rxa3 31. Rxd4 Ke7 32. Kf1) 27... Rxa5 28. bxa5 $11 {[%cal Bb4a5,Ba5a6,Ba6a7][%mdl 4128] Endgame KRB-KRN} Rb5 {[#]} (28... Kf8 $11) 29. Rb1 $1 $16 {[%cal Rb1b5]} Rxb1+ 30. Nxb1 {KB-KN} Kf8 $2 {[%mdl 8192]} (30... Bxh3 $16 {is more resistant.} 31. a6 Bc8) 31. a6 $18 Ke7 32. a7 Bd5 33. Kf1 Kd6 34. Ke2 Kc5 35. Kd3 Bc4+ (35... Bg2 {was called for.} 36. Nd2 Kb6 37. Kxd4 h6) 36. Kc2 Bd5 37. Nd2 Kb6 38. Kd3 Kxa7 39. Kxd4 Be6 40. h4 Kb6 41. Ne4 h6 42. Nc5 Ba2 43. f4 (43. Na4+ $142 Kc6 44. Nc3) 43... Kb5 $2 (43... Kc6 44. g4 Bd5) 44. Ne4 Kc6 45. Nc3 Be6 46. a4 {[%cal Ba3a4,Ba4a5,Ba5a6][%mdl 32]} f6 (46... Kb6 $142 47. Nb5 Kc6) 47. Ne4 Bf5 48. a5 Bc8 49. Kc4 (49. Nc5 $142 Bg4 50. a6) 49... Ba6+ (49... Be6+ {is a better defense.} 50. Kb4 Bf5) 50. Kd4 $2 (50. Kb4) 50... Bc8 $1 51. Nc5 Kb5 52. a6 {a7 would kill now.} Kb6 53. Kd5 g5 54. Kd6 gxh4 55. gxh4 {White mates.} Bh3 56. Nd7+ Kxa6 57. Nxf6 Kb6 58. Ng8 h5 59. Nf6 Bg4 60. Ke5 ({Stronger than} 60. Nxg4 hxg4 61. h5 g3 $11) 60... Kc6 61. Nxg4 hxg4 {KPP-KP} 62. Ke4 Kd6 63. h5 Ke6 64. Ke3 Kf6 65. Kf2 Ke6 66. Kg3 Kf5 67. h6 Kg6 68. Kxg4 Kxh6 69. Kf5 {Weighted Error Value: White=0.25/Black=0.58} 1-0

[Event "EOC-ch Playoff-B 2021"]
[Site "Online"]
[Date "2021.03.29"]
[Round "1.3"]
[White "Navara, David"]
[Black "Meier, Georg"]
[Result "1/2-1/2"]
[WhiteElo "2697"]
[BlackElo "2628"]
[Annotator "TA"]
[PlyCount "131"]
[EventDate "2021.03.29"]
[EventType "team-tourn"]
[EventCountry "NET"]
[SourceTitle "playchess.com"]
[Source "ChessBase"]
[SourceQuality "1"]

{[%evp 24,131,39,36,39,28,114,118,131,120,132,132,124,121,125,91,103,55,61,60,52,71,153,166,177,167,218,206,193,211,231,191,292,279,521,520,984,924,1050,1026,983,933,733,602,602,0,0,0,0,0,0,0,0,0,0,0,0,0,0,0,0,0,0,0,0,0,0,0,0,0,0,0,0,0,0,0,0,0,0,0,0,0,0,0,0,0,0,0,0,0,0,0,0,0,0,0,0,0,0,0,0,0,0,0,0,0,0,0,0,0]} 1. d4 Nf6 2. c4 e6 3. Nc3 Bb4 4. e3 c5 5. Nge2 cxd4 6. exd4 d5 7. c5 Ne4 8. Bd2 Nxd2 9. Qxd2 a5 10. a3 Bxc3 11. Nxc3 a4 12. Bd3 Bd7 13. O-O O-O {E42: Nimzo-Indian: Rubinstein: 4...c5 5 Ne2.} 14. f4 {[#]} Nc6 $146 (14... g6 $11 {keeps the balance.}) ({Predecessor:} 14... g6 15. Bc2 Bc6 16. Rae1 Nd7 17. Qd1 Qa5 18. Re3 Rfe8 19. Rfe1 Nf6 20. g4 b6 21. f5 exf5 22. Rxe8+ Nxe8 23. Bxa4 {½-½ (32) Vaisser,A (2530)-Damljanovic,B (2565) Sochi 1988}) 15. f5 $1 $16 exf5 {White is better.} 16. Bxf5 Ne7 17. Bc2 Bc6 18. Rae1 Qd7 19. Qg5 Ng6 20. h4 Rfe8 $1 21. h5 {Threatens to win with Bf5.} h6 22. Rxe8+ Rxe8 ({Better is} 22... Qxe8 23. Qf5 Nf8) 23. Qf5 $1 $36 {[%cal Rf5d7][%mdl 2048] Keeping Black busy.} Nf8 {[#]} 24. Qxd7 Nxd7 (24... Bxd7 $142 25. Nxd5 (25. Bxa4 Bxa4 26. Nxa4 Re4 $16) 25... Ne6) 25. Bxa4 $18 Bxa4 26. Nxa4 {[%mdl 4096] Endgame KRN-KRN} Re2 27. b4 Rd2 (27... Rc2 $142 28. Rf5 Kf8 29. Rxd5 Ke7) 28. Nb6 Nxb6 (28... Nf6 29. Nc8 Rxd4) 29. cxb6 Rxd4 {[#] KR-KR} (29... Ra2 $142 30. Rc1 g5 31. hxg6 Rxa3) 30. Rc1 $1 Rd3 31. a4 Rb3 32. b5 Rb4 33. Rc8+ Kh7 34. a5 (34. Rc7 $18) 34... Rxb5 $11 {The position is equal.} 35. Ra8 g5 36. Ra7 Kg7 37. Kf2 Kf6 ({Much weaker is} 37... Rb2+ 38. Ke3 $16) 38. g4 Ke5 {next ...Kf4 is good for Black.} 39. Rxb7 Rxa5 40. Rxf7 {Hoping for Rf5+.} Rb5 41. b7 Ke4 42. Ke2 Rb2+ 43. Kd1 d4 44. Kc1 $1 {[%cal Rc1b2]} Rb6 (44... Rb5 {keeps more tension.} 45. Kc2 Rb6 46. Rd7 Kf3 47. Kd3 Kxg4 48. Kxd4 Kxh5 49. Rc7 Kg4) 45. Kc2 Ke3 46. Rd7 Ke4 47. Kd2 Rb2+ 48. Kc1 Rb6 49. Kc2 Ke3 50. Rc7 (50. Rf7 {feels hotter.} d3+ 51. Kc3 Rc6+ 52. Kb2 Rb6+ 53. Kc3) 50... Kf4 51. Kd3 Kxg4 52. Kxd4 Kxh5 53. Kc5 Rb1 54. Rd7 g4 {...Kh4 is the strong threat.} 55. Kc6 {Strongly threatening Rd5+.} g3 {And now ...Kh4 would win.} 56. Rd5+ (56. Rd1 {is more complex.} Rb3 57. Rd5+ Kh4 58. Rb5 Rxb5 59. Kxb5 g2 60. b8=Q) 56... Kh4 57. Rb5 $1 {[%cal Rb5b1]} Rxb5 58. Kxb5 {KPP-KP} g2 59. b8=Q {Intending Qh2+ and mate.} g1=Q {KQ-KQ} 60. Qf4+ {[%mdl 64] Double Attack} Kh5 {aiming for ...Qg5+.} 61. Qf7+ Qg6 62. Qxg6+ Kxg6 63. Kc4 Kf5 64. Kd3 Kg4 65. Ke2 Kg3 {( -> ...Kg2)} 66. Kf1 {Blacks defense is rewarded with a draw.  Weighted Error Value: White=0.13/Black=0.15} 1/2-1/2

[Event "EOC-ch Playoff-B 2021"]
[Site "Online"]
[Date "2021.03.29"]
[Round "1.4"]
[White "Keymer, Vincent"]
[Black "Sasikiran, Krishnan"]
[Result "1/2-1/2"]
[WhiteElo "2591"]
[BlackElo "2647"]
[Annotator "TA"]
[PlyCount "48"]
[EventDate "2021.03.29"]
[EventType "team-tourn"]
[EventCountry "NET"]
[SourceTitle "playchess.com"]
[Source "ChessBase"]
[SourceQuality "1"]

{[%evp 11,48,0,22,0,0,0,13,0,7,16,27,2,0,0,7,0,0,0,0,0,0,0,0,-13,27,15,20,17,27,18,33,0,0,0,22,-4,0,0,25]} 1. Nf3 d5 2. e3 Nf6 3. c4 c6 4. Nc3 e6 5. b3 Bd6 6. Bb2 O-O 7. h3 {A11: English Opening: 1...c6.} Re8 8. d4 Nbd7 9. Bd3 {[#]} dxc4 $146 ({Predecessor:} 9... a6 10. O-O b5 11. c5 Bc7 12. Qc2 e5 13. dxe5 Nxe5 14. Nxe5 Bxe5 15. Ne2 Bxb2 16. Qxb2 {½-½ (49) Malakhov,V (2660)-Loiseau,Q (2471) Brest 2019}) 10. Bxc4 b5 11. Be2 Bb7 12. O-O a6 13. a4 b4 14. Nb1 {[%cal Bc3b1,Bb1d2,Bd2c4][%mdl 32]} c5 15. Nbd2 Rc8 16. Rc1 Bb8 17. Re1 Nd5 18. Nc4 N7f6 19. dxc5 Rxc5 20. Qd4 Qc7 21. Qe5 Qc6 {The position is equal.} 22. Qd4 {And now Na5! would win.} Qc7 23. Qe5 Qc6 24. Qd4 {Strongly threatening Na5!} Qc7 $1 {An uneventful encounter.  Weighted Error Value: White=0.09/Black=0.03} 1/2-1/2

[Event "EOC-ch Playoff-B 2021"]
[Site "Online"]
[Date "2021.03.29"]
[Round "1.5"]
[White "Mamedyarov, Shakhriyar"]
[Black "Ivanchuk, Vasyl"]
[Result "0-1"]
[WhiteElo "2770"]
[BlackElo "2678"]
[Annotator "TA"]
[PlyCount "100"]
[EventDate "2021.03.29"]
[EventType "team-tourn"]
[EventCountry "NET"]
[SourceTitle "playchess.com"]
[Source "ChessBase"]
[SourceQuality "1"]

{[%evp 9,100,21,22,16,22,7,24,8,27,10,10,3,4,3,5,5,23,12,28,20,34,4,15,0,1,0,4,0,0,2,0,0,0,0,0,0,1,0,42,-85,-109,-214,-206,-269,-269,-258,-252,-468,-467,-468,-453,-448,-435,-439,-433,-400,-384,-467,-408,-359,-355,-736,-724,-622,-584,-610,-578,-1714,-1544,-1838,-1912,-1660,-1853,-1710,-1702,-2538,-483,-400,-308,-652,-504,-504,-504,-742,-533,-562,-485,-469,-469,-422,-327,-29998,-29999]} 1. d4 Nf6 2. c4 g6 3. Nf3 Bg7 4. e3 O-O 5. Be2 b6 6. O-O {E60: King's Indian: Unusual lines and Fianchetto Variation without Nc3.} Bb7 7. Qc2 e6 8. b4 {[#] White has an edge.} d6 $146 ({Predecessor:} 8... Qe7 9. a4 a5 10. bxa5 Rxa5 11. Nbd2 d6 12. Bb2 Nbd7 13. Nb3 Ra7 14. a5 Be4 {½-½ (46) Mamedyarov,S (2772)-Artemiev,V (2731) Bucharest 2019}) 9. Bb2 Nbd7 10. Nc3 c5 11. dxc5 dxc5 12. b5 Ne4 13. a4 Qc7 14. Rfd1 Rfd8 15. h3 (15. Nxe4 {with more complications.} Bxe4 16. Qxe4 Bxb2 17. Rab1 Nf6 18. Qc2) 15... Ne5 16. Nxe4 (16. Nxe5 {feels hotter.} Qxe5 17. Bf3 Nd6 18. Rxd6 Rxd6 19. Nd1) 16... Bxe4 17. Qxe4 Nxf3+ 18. Bxf3 Bxb2 19. Rab1 Rxd1+ 20. Rxd1 Rd8 21. Rxd8+ Qxd8 22. Qb7 Bc3 23. Qxa7 Be1 24. Bc6 {[#]} (24. Qa8 $14 Qxa8 25. Bxa8) 24... Kg7 $1 $17 {And now ...Qd2 would win. White is now going downhill.} 25. Qd7 (25. Be8 $17 Qxe8 26. Qxb6) 25... Qh4 $19 26. Qd3 Qxf2+ ({Less strong is} 26... Bxf2+ 27. Kf1 $17) 27. Kh2 Bd2 28. a5 $2 (28. Qc2) 28... Bxe3 29. Qd1 bxa5 {Strongly threatening ...a4!} 30. b6 Bf4+ 31. Kh1 Qg3 {[%csl Gf4][%cal Rg3h2]} 32. Kg1 h5 33. b7 h4 34. Qb1 Be5 35. Qd1 $2 (35. Kf1) 35... Qe3+ 36. Kh1 Qf4 {[%csl Ge5][%cal Rf4h2]} 37. Kg1 Qxc4 38. Qe1 Qd4+ 39. Kh1 Bg3 40. Qf1 c4 41. Be8 f5 42. Qb1 Qd6 (42... Bb8 $142 43. Qg1 Qe5) 43. Ba4 Qb4 44. Qd1 (44. Qxb4 axb4 45. Bb5) 44... c3 45. Qd7+ Kh6 46. Qd8 {intending Qh8+.} Be5 ({And not} 46... Qxa4 47. Qf8+ Kg5 48. Qd8+ Kh6 49. Qf8+ Kg5 50. Qd8+ Kh6 $11) 47. b8=Q Qxb8 48. Qxh4+ Kg7 49. Qe7+ Kh8 {( -> ...Qb1+)} 50. Qxe6 $2 {[#]} (50. Bb3 $19) 50... Qb1+ {Weighted Error Value: White=0.56/Black=0.05} 0-1

[Event "EOC-ch Playoff-B 2021"]
[Site "Online"]
[Date "2021.03.29"]
[Round "1.6"]
[White "Lagarde, Maxime"]
[Black "Guseinov, Gadir"]
[Result "1/2-1/2"]
[WhiteElo "2640"]
[BlackElo "2665"]
[Annotator "TA"]
[PlyCount "75"]
[EventDate "2021.03.29"]
[EventType "team-tourn"]
[EventCountry "NET"]
[SourceTitle "playchess.com"]
[Source "ChessBase"]
[SourceQuality "1"]

{[%evp 19,75,59,63,59,61,0,0,0,0,0,-21,-30,-27,-33,-5,-15,0,0,0,0,0,0,0,0,0,-41,-76,-175,-221,-211,-240,-532,-116,-109,-117,-124,-110,-112,-123,-124,-116,-123,-114,-172,0,0,0,0,0,0,0,0,0,0,0,0,0,0]} 1. d4 Nf6 2. c4 g6 3. Nc3 Bg7 4. e4 d6 5. Nge2 O-O 6. Ng3 c6 7. Be2 Nbd7 8. h4 e5 9. d5 cxd5 10. cxd5 h5 11. Bg5 {E70: King's Indian: Miscellaneous lines with 4 e4, including 5 Nge2 and 5 Bd3 0-0 6 Nge2.} a6 12. Bxh5 (12. b4 $14) 12... gxh5 $11 13. Nxh5 Qb6 {Hoping for ...Nxh5.} 14. Nxg7 {[#]} Kxg7 $146 ({Predecessor:} 14... Qxb2 15. Rh3 Ng4 16. Bd2 Ndf6 17. Nf5 Bxf5 18. exf5 Qb6 19. Qe2 Kh7 20. f3 Nh6 21. g4 Qg1+ 22. Qf1 Qd4 23. Qf2 Rac8 24. Rc1 Rfe8 25. Qe3 Nhg8 26. Kf2 {½-½ (26) Dederichs,H (1888)-Hoehne,E (2020) GER email 2014}) 15. Rh3 Rg8 (15... Qxb2 $2 16. Rg3 $18) 16. Qf3 {[#]} Kf8 $1 17. Rg3 $1 (17. Bxf6 $2 Nxf6 18. Rg3 (18. Qxf6 $2 Bxh3 19. O-O-O Rxg2 $19) 18... Rxg3 $19) 17... Qxb2 18. Rb1 Qc2 19. Rc1 Qb2 20. Rb1 Qc2 21. Rc1 Qb2 {Threatens to win with ...Rxg5!} 22. Kd1 {Black should prevent Rb1.} Ke7 23. Qf5 {[#]} (23. h5 $17) 23... Rg6 $1 $19 24. Rb1 Qa3 25. Rf3 $2 (25. Ke1) 25... Nc5 $2 26. Bxf6+ $17 Ke8 27. Qh5 {Intending Qh8+ and mate.} Bg4 28. Qh8+ Kd7 {( -> ...Qxc3)} 29. Qxa8 {[%csl Gf6][%cal Ra8d8]} Bxf3+ 30. gxf3 {[%csl Gf6][%cal Ra8d8]} Rxf6 31. Kc2 {[#]} (31. Rxb7+ $17 Nxb7 32. Qxb7+ Ke8 33. Qc8+ Ke7 34. f4) 31... Rxf3 $2 ({Better is} 31... Qa5 $1 $19 32. Rxb7+ Nxb7 33. Qxb7+ Qc7 34. Qxa6 (34. Qxc7+ $2 Kxc7 35. h5 Rxf3 $19) 34... Rxf3 {[%mdl 64] Double Attack} 35. Qa4+ Ke7) 32. Rxb7+ $11 {The position is equal.} Nxb7 33. Qxb7+ $19 {KQR-KQN} Ke8 34. Qc8+ Ke7 35. Qc7+ Ke8 (35... Kf6 $5 36. Qd8+ $8 Kg7 37. Qg5+ Kf8 38. Qd8+ Kg7 39. Qg5+ Kf8 40. Qd8+ Kg7 $11) 36. Qc8+ Ke7 37. Qc7+ Ke8 (37... Kf6 $5 38. Qd8+ $8 Kg7 39. Qg5+ Kf8 40. Qd8+ Kg7 41. Qg5+ Kf8 42. Qd8+ Kg7 $11) 38. Qc8+ {Whites escaped into a draw.  Weighted Error Value: White=0.28/Black=0.41} 1/2-1/2

[Event "EOC-ch Playoff-B 2021"]
[Site "Online"]
[Date "2021.03.29"]
[Round "1.7"]
[White "Abasov, Nijat"]
[Black "Medvegy, Zoltan"]
[Result "1-0"]
[WhiteElo "2664"]
[BlackElo "2527"]
[Annotator "TA"]
[PlyCount "103"]
[EventDate "2021.03.29"]
[EventType "team-tourn"]
[EventCountry "NET"]
[SourceTitle "playchess.com"]
[Source "ChessBase"]
[SourceQuality "1"]

{[%evp 18,103,26,29,43,28,43,36,45,53,70,40,45,31,42,31,31,31,36,31,33,32,31,39,50,31,31,31,31,31,31,31,31,31,31,31,31,25,31,24,24,22,24,23,24,24,29,27,29,24,24,24,26,24,26,24,28,10,61,10,10,10,10,10,10,3,10,0,10,10,10,10,10,10,10,10,23,23,23,23,170,166,188,189,439,440,440,420]} 1. e4 e6 2. d4 d5 3. Nc3 dxe4 4. Nxe4 Bd7 5. Nf3 Bc6 6. Bd3 Nd7 7. O-O Ngf6 8. Ng3 Be7 9. Re1 O-O 10. c3 Re8 {C10: French with 3 Nc3: Unusual Black 3rd moves and 3...dxe4.} 11. Bf4 Bxf3 12. Qxf3 c6 {White is slightly better.} 13. Rad1 Bf8 {[#]} 14. a3 $146 ({Predecessor:} 14. Bb1 Qb6 15. Re2 g6 16. Rde1 Bg7 17. h4 a5 18. h5 a4 19. hxg6 hxg6 20. Bd3 {½-½ (20) Ruebensam,H (2154)-Anibar,A (2268) Germany 2015}) 14... a5 15. Ne4 (15. Nf1 {seems wilder.} Nd5 16. Bg3 g6 17. h4 Qf6 18. Qe4) 15... Nxe4 16. Bxe4 (16. Rxe4 {looks sharper.} g6 17. Rde1 a4 18. Bd2 Bg7 19. h4) 16... g6 17. g3 Qb6 18. Bc1 Bg7 19. h4 Nf6 20. Bc2 h5 21. Kg2 a4 22. Re2 Qb5 23. Re5 Qb6 24. Rde1 Nh7 25. R5e2 Nf6 26. Qd3 Qa6 27. Qe3 Qc4 28. Qf4 Qd5+ 29. Kg1 b5 30. Re5 Qd7 31. Qf3 Nd5 32. R5e2 Nf6 33. Bf4 Qd5 34. Qd3 Qd7 35. Bb1 Ng4 36. Qf3 Nf6 37. Be5 Nd5 (37... Qd5 $11 38. Qd3 Rac8) 38. Bxg7 (38. g4 $1 $14) 38... Kxg7 $11 39. Re5 Qe7 40. Rg5 {Threatening Be4.} Rh8 $1 41. Ree5 Rh6 {White must now prevent ...f6.} 42. Re1 Qf6 ({Of course not} 42... f6 $6 {[#]} 43. Rxd5 $1 (43. Rxg6+ $2 Rxg6 44. Bxg6 Kxg6 $19) 43... cxd5 44. Qxd5 $1 $16) 43. Qd3 Rb8 44. Ba2 Rhh8 45. Qe2 Rb7 46. Bb1 Rb6 47. Be4 Rb7 48. Bf3 {[%cal Rf3h5]} Rb6 {Loses the game.} (48... Kf8 $11 {and Black stays safe.}) 49. Bxh5 $1 $18 Kf8 50. Bf3 Ke7 $2 (50... Qd8 51. Kg2 Qf6 52. Bxd5 cxd5) 51. Bxd5 cxd5 52. Rxd5 {Weighted Error Value: White=0.05/Black=0.17} 1-0

[Event "EOC-ch Playoff-B 2021"]
[Site "Online"]
[Date "2021.03.29"]
[Round "1.8"]
[White "Guliyev, Namig"]
[Black "Durarbayli, Vasif"]
[Result "1/2-1/2"]
[WhiteElo "2538"]
[BlackElo "2606"]
[Annotator "TA"]
[PlyCount "133"]
[EventDate "2021.03.29"]
[EventType "team-tourn"]
[EventCountry "NET"]
[SourceTitle "playchess.com"]
[Source "ChessBase"]
[SourceQuality "1"]

{[%evp 23,133,7,12,0,7,5,6,0,0,-8,-3,-10,0,0,0,0,0,0,19,0,0,-2,0,-28,0,0,0,0,0,0,0,0,0,-6,-7,-8,-8,-14,-14,-12,-12,-18,-12,-22,-14,-17,0,-10,0,-16,0,0,0,-24,-12,-12,-14,-15,0,-1,-6,-8,0,0,0,0,0,0,0,0,0,0,0,0,0,0,0,0,0,0,0,0,0,0,0,0,0,0,0,0,0,0,0,0,0,0,0,0,0,0,0,0,0,0,0,0,0,0,0,0,0,0]} 1. e4 e5 2. Nf3 Nc6 3. Bb5 a6 4. Ba4 Nf6 5. O-O Be7 6. Re1 b5 7. Bb3 O-O 8. d3 d6 9. c3 Na5 10. Bc2 c5 11. Nbd2 {[%cal Bb1d2,Bd2f1,Bf1e3][%mdl 32]} Nc6 12. Nf1 h6 13. a4 {C90: Closed Ruy Lopez with 7...d6: Early deviations.} Be6 14. Ne3 Rc8 {[#]} 15. axb5 $146 ({Predecessor:} 15. Qe2 Re8 16. axb5 axb5 17. c4 bxc4 18. dxc4 Nh7 19. Nd5 Bg5 20. Nxg5 Nxg5 21. Be3 {0-1 (29) Polgar,J (2665)-Ye,J (2540) Yerevan 1996}) 15... axb5 16. d4 (16. h3 {is more complex.} Qc7 17. Bb3 Na5 18. Bc2 Nc6) 16... cxd4 17. cxd4 Nxd4 18. Nxd4 exd4 19. Qxd4 Nd7 20. Bd2 Ne5 21. Bc3 Bf6 22. Qd2 Bg5 23. Qe2 Bxe3 24. Qxe3 b4 {[#] And now ...Ng4 would win.} 25. Bxe5 dxe5 26. Bb3 Bxb3 27. Qxb3 Qd4 28. g3 Qc4 29. Qxc4 Rxc4 $11 {[%mdl 4096] Endgame KRR-KRR} 30. Rac1 Rfc8 31. Rxc4 Rxc4 {KR-KR} 32. Re3 Kf8 33. Kg2 Ke7 34. Kf3 Rd4 35. Ke2 Kd6 36. b3 Kc5 37. h4 h5 38. f4 exf4 39. gxf4 {The position is equal.} g6 40. Kf3 Rd1 {[#] aiming for ...Kd4.} 41. f5 gxf5 42. exf5 Kd5 43. Re7 {Rd7+ is the strong threat.} Rf1+ (43... Rb1 {feels hotter.} 44. Kf4 f6 45. Rd7+ Kc5 46. Rc7+ Kd6) 44. Kg3 Rxf5 45. Rb7 Kc5 46. Rc7+ Kb5 (46... Kd4 $5 47. Rc4+ $8 Ke3 48. Rxb4 Rf3+ 49. Kh2 Rf2+ 50. Kg1 Rb2 $11) 47. Rb7+ Ka5 (47... Kc6 {is more complex.} 48. Rxb4 Kd6 49. Kg2 Kc5 50. Rc4+ Kd6) 48. Ra7+ Kb6 49. Ra8 Kb7 50. Ra4 Rb5 51. Kf4 f6 52. Ra1 Rd5 53. Re1 Rd3 54. Kf5 Rxb3 {Strongly threatening ...Rg3.} 55. Kxf6 Rg3 {White must now prevent ...Rg4.} 56. Re5 b3 57. Rxh5 Kc6 58. Re5 b2 59. Re1 Rb3 (59... Rf3+ {looks sharper.} 60. Kg5 Kb5 61. h5 Rb3 62. Kf6 Kc4) 60. h5 b1=Q 61. Rxb1 Rxb1 {KR-KP} 62. h6 Kd6 63. h7 Rf1+ 64. Kg7 Rg1+ 65. Kf7 Rh1 66. Kg7 Rxh7+ 67. Kxh7 {Not much happened in this game.  Weighted Error Value: White=0.03/Black=0.03} 1/2-1/2